|
|
|
|
| LEADER |
00000nas a2200000 a 4500 |
| 001 |
vtls009156291 |
| 003 |
SK-MaSNL |
| 005 |
20260228160625.0 |
| 008 |
071106cuuuu9999xo ar 0 b0slo |
| 040 |
|
|
|a SNK
|b slo
|c SNK
|e AACR2
|
| 041 |
0 |
|
|a slo
|
| 080 |
|
|
|a 311.313
|2 2001
|
| 080 |
|
|
|a 437.61
|2 2001
|
| 245 |
0 |
0 |
|a Štatistická ročenka
|b Západoslovenský kraj
|
| 260 |
|
|
|a Bratislava
|b Krajská správa Slovenského štatistického úradu v Bratislave
|
| 300 |
|
|
|a zv.
|b grafy, tab.
|c 21 cm
|
| 310 |
|
|
|a 1x ročne
|
| 500 |
|
|
|a Súčasťou názvu je označenie bežného roku
|
| 500 |
|
|
|a Popis podľa r. 1979
|
| 650 |
0 |
7 |
|a štatistika
|2 SNKPH
|9 778
|
| 655 |
|
7 |
|a ročenky
|2 SNKPH
|9 57146
|
| 910 |
|
|
|a snk
|
| 999 |
|
|
|c 3115
|d 5045
|
| 952 |
|
|
|0 0
|1 0
|4 0
|7 0
|8 1
|a SNK
|b SNK
|d 2015-08-12
|i snk2015/24332
|l 0
|o snkČSD 947/1986
|p 17A1146001
|r 2026-02-21 19:46:15
|w 2026-02-21
|y PREZ
|
| 952 |
|
|
|0 0
|1 0
|4 0
|7 0
|8 5
|a SNK
|b SNK
|d 2022-03-14
|i snk2022/3876
|l 0
|o snkČSD 947/1979 D1
|p 17A1461837
|r 2026-02-21 20:00:23
|w 2026-02-21
|y PREZ
|
| 952 |
|
|
|0 0
|1 0
|4 0
|7 0
|8 5
|a SNK
|b SNK
|d 2022-03-14
|i snk2022/3877
|l 0
|o snkČSD 947/1981 D1
|p 17A1461838
|r 2026-02-21 20:00:23
|w 2026-02-21
|y PREZ
|
| 952 |
|
|
|0 0
|1 0
|4 0
|7 0
|8 1
|a SNK
|b SNK
|d 2015-08-25
|i snk2015/25159
|l 0
|o snkČSD 947/1971
|p 17A1145970
|r 2026-02-21 20:43:11
|w 2026-02-21
|y PREZ
|z neúplné, chýba strana 101-102, 107-108
|
| 952 |
|
|
|0 0
|1 0
|4 0
|7 0
|8 1
|a SNK
|b SNK
|d 2007-11-06
|i snk2007/23814
|l 0
|o snkČSD 947/1974 D1
|p 17A0563175
|r 2026-02-21 21:22:23
|w 2026-02-21
|y PREZ
|